Swami Ramakrishnananda: (Record no. 190771)
[ view plain ]
| 000 -LEADER | |
|---|---|
| fixed length control field | 00593nam a22001937a 4500 |
| 005 - DATE AND TIME OF LATEST TRANSACTION | |
| control field | 20250603172105.0 |
| 010 ## - LCCN (DPL NO) | |
| LC control number | ENG-134262 ENG-145176 |
| 020 ## - INTERNATIONAL STANDARD BOOK NUMBER | |
| International Standard Book Number | 9788178236292 |
| Terms of availability | 140.00 |
| 035 ## - SYSTEM CONTROL NUMBER | |
| System control number | EN-117794 |
| 035 ## - SYSTEM CONTROL NUMBER | |
| System control number | EN-128708 |
| 037 ## - SOURCE OF ACQUISITION | |
| Source of stock number/acquisition | DBAD |
| 082 ## - DEWEY DECIMAL CLASSIFICATION NUMBER | |
| Classification number | 230.66 |
| 100 ## - MAIN ENTRY--PERSONAL NAME | |
| Personal name | Tapasyananda, Swami |
| 245 ## - TITLE STATEMENT | |
| Title | Swami Ramakrishnananda: |
| Remainder of title | The Apostle of Sri Ramakrishna To The South/ |
| Statement of responsibility, etc | Edited by Walsh Worthy |
| 260 ## - PUBLICATION, DISTRIBUTION, ETC. (IMPRINT) | |
| Place of publication, distribution, etc | Chennai |
| Name of publisher, distributor, etc | Sri Ramakrishna Math |
| Date of publication, distribution, etc | 2012 |
| 270 ## - ADDRESS | |
| Address | Mylapore |
| City | Chennai |
| 300 ## - PHYSICAL DESCRIPTION | |
| Extent | viii, 288p. |
| Dimensions | 22cm(hb) |
| 942 ## - ADDED ENTRY ELEMENTS (KOHA) | |
| Source of classification or shelving scheme | Dewey Decimal Classification |
| Item type | English Books |
| Classification part | 230.66 |
| Call number suffix | TAP |
| Withdrawn status | Lost status | Not for loan | Collection code | Home library | Current library | Date acquired | Source of acquisition | Cost, normal purchase price | Full call number | Barcode | Copy number | Cost, replacement price | Koha item type |
|---|---|---|---|---|---|---|---|---|---|---|---|---|---|
| Non-fiction | Bawana | Bawana | 04/08/2022 | DBAD/PUB | 140.00 | 230.66 TAP | EN-117794 | 1 | 140.00 | English Books | |||
| Non-fiction | RC3 Shakur Pur | RC3 Shakur Pur | 03/06/2025 | Delivery of Books Act Division | 140.00 | 230.66 TAP | EN-128708 | 1 | 140.00 | English Books |
